| Tag |
First Indicator |
Second Indicator |
Subfields |
| LEADER |
00000cgm a2200000Ma 4500 |
| 001 |
in00005560521 |
| 006 |
m o c |
| 007 |
cr |za|||||||a |
| 007 |
vz |zazu| |
| 008 |
140410s1973 quc027 g o vleng d |
| 005 |
20241201232012.4 |
| 035 |
|
|
|a (OCoLC)ocn881546416
|
| 040 |
|
|
|a ALSTP
|b eng
|e pn
|c ALSTP
|d OCLCO
|d CN8ML
|d OCLCF
|d OCLCQ
|d WYU
|d S9I
|d CAUOI
|d OCL
|d OCLCO
|d OCLCA
|d UAB
|d OCLCQ
|d OCLCL
|d OCLCQ
|
| 019 |
|
|
|a 1373505304
|
| 035 |
|
|
|a (OCoLC)881546416
|z (OCoLC)1373505304
|
| 043 |
|
|
|a n-cn---
|
| 050 |
|
4 |
|a Internet Access
|b AGPC
|
| 082 |
|
4 |
|a 730.92
|q OCoLC
|
| 049 |
|
|
|a TXAM
|
| 245 |
0 |
0 |
|a I don't have to work that big /
|c by Michael McKennirey.
|
| 260 |
|
|
|a Montreal, QC :
|b National Film Board of Canada,
|c 1973.
|
| 300 |
|
|
|a 1 online resource (27 min.).
|
| 306 |
|
|
|a 002729
|
| 336 |
|
|
|a two-dimensional moving image
|b tdi
|2 rdacontent
|
| 337 |
|
|
|a computer
|b c
|2 rdamedia
|
| 338 |
|
|
|a online resource
|b cr
|2 rdacarrier
|
| 347 |
|
|
|a streaming video file
|2 rda
|
| 380 |
|
|
|a Videorecording
|
| 490 |
0 |
|
|a Art and architecture in video
|
| 500 |
|
|
|a Title from resource description page (viewed Apr. 10, 2014).
|
| 520 |
|
|
|a A short documentary about sculptor Joe Fafard. Joe knows cows. He knows the way they tuck in their forelegs to lie down and ruminate, the way a calf romps in the barnyard. He also knows his friends and neighbors of the farming community of Pense, Saskatchewan. And he sculpts them all, in clay, in eloquent little miniatures. Joe's work has been exhibited throughout Canada as well as in Paris and New York. Here you see what he does.
|
| 546 |
|
|
|a This edition in English.
|
| 508 |
|
|
|a Director/editing, Michael McKennirey ; producer, John N. Smith ; photography, Barry Perles ; sound, Jacques Drouin, Jacques Rousseau ; sound editing, Andre Galbrand, Karl Duplessis ; re-recording, Michel Descombes ; music, Glen Charles Koudelka.
|
| 600 |
1 |
0 |
|a Fafard, Joe,
|d 1942-2019.
|
| 600 |
1 |
7 |
|a Fafard, Joe,
|d 1942-2019
|2 fast
|0 (OCoLC)fst00397864
|1 https://id.oclc.org/worldcat/entity/E39PBJjtf7jwwGXj6bRwwTrXh3
|
| 650 |
|
0 |
|a Sculptors
|z Canada.
|
| 650 |
|
6 |
|a Sculpteurs
|z Canada.
|
| 650 |
|
7 |
|a Sculptors.
|2 fast
|0 (OCoLC)fst01109473
|
| 651 |
|
7 |
|a Canada.
|2 fast
|0 (OCoLC)fst01204310
|1 https://id.oclc.org/worldcat/entity/E39PBJkMHVW4rfVXPrhVP4VwG3
|
| 655 |
|
7 |
|a Documentary film.
|2 lcgft
|
| 700 |
1 |
|
|a McKennirey, Michael.
|4 drt
|
| 710 |
2 |
|
|a National Film Board of Canada.
|4 pro
|
| 776 |
0 |
8 |
|i Print version:
|t I don't have to work that big.
|d Montreal, QC : National Film Board of Canada, 1973
|w (OCoLC)728021537
|
| 856 |
4 |
0 |
|u http://proxy.library.tamu.edu/login?url=https://www.aspresolver.com/aspresolver.asp?AVN2;2107399
|z Connect to this streaming video (Alexander Street Press)
|t 0
|
| 955 |
|
|
|a Alexander Street Press subscription streaming video
|
| 994 |
|
|
|a 92
|b TXA
|
| 999 |
f |
f |
|s 7f528eb6-bd50-490c-92c0-1e11e74e8e09
|i 566818aa-d356-4121-b0c4-2999e57ca42d
|t 0
|
| 952 |
f |
f |
|a Texas A&M University
|b College Station
|c Electronic Resources
|d Available Online
|t 0
|e Internet Access AGPC
|h Library of Congress classification
|
| 998 |
f |
f |
|a Internet Access AGPC
|t 0
|l Available Online
|